| 000 | 00571nam a2200193 4500 | ||
|---|---|---|---|
| 005 | 20241024103957.0 | ||
| 010 | _aENG-142391 | ||
| 020 |
_c275.00 _a9789393734556 |
||
| 035 | _aEN-125923 | ||
| 037 | _bDBAD | ||
| 082 | _a657 | ||
| 100 |
_aNjugunda, Charles _973322 |
||
| 245 |
_aManagerial Accounting Simplified/ _bCharles Njuguna |
||
| 250 | _aFirst | ||
| 260 |
_bExceller Books _aKolkata _c2023 |
||
| 270 |
_aG1, Dream Apartment, Degree College Road,Balgharia _bKolkata _e700056 |
||
| 300 |
_a104p. _c22cm(pb) |
||
| 942 |
_2ddc _cEN _h657 _mNJU _e2023 |
||
| 999 |
_c206666 _d206666 |
||